La pintura prehistórica /
Guardado en:
| Autor Principal: | |
|---|---|
| Formato: | Libro |
| Publicado: |
México :
Fondo de Cultura Economica,
1965
|
| Edición: | 3a. ed. |
| Materias: | |
| Etiquetas: |
Agregar Etiqueta
Sin Etiquetas, Sea el primero en etiquetar este registro!
|
| LEADER | 00861nam a22002535a 4500 | ||
|---|---|---|---|
| 001 | CEM.cems001230 | ||
| 005 | 20060213000000.0 | ||
| 008 | 130507s1965##################000#0#####d | ||
| 003 | CEMS | ||
| 082 | 0 | 4 | |a 571.4 |
| 100 | 1 | |a Brodrick, Houghton | |
| 245 | 1 | 0 | |a La pintura prehistórica / |c Houghton Brodrick |
| 250 | |a 3a. ed. | ||
| 260 | |a México : |b Fondo de Cultura Economica, |c 1965 | ||
| 300 | |a 143 p. | ||
| 505 | 0 | |a Historia de la cultura humana desde su fase primitiva hasta la actualidad. | |
| 653 | |a Arqueologia | ||
| 653 | |a Arte franco-cantabrico | ||
| 653 | |a Arte prehistorico africano | ||
| 653 | |a Pinturas rupestres | ||
| 653 | |a Prehistoria | ||
| 859 | |a CEMS |b BIB. CEMS - 11 de abril |h 571.4 |i B784a3 |p 5463.76 |t Ej.1 | ||
| 859 | |a CEMS |b BIB. CEMS - 11 de abril |h 571.4 |i B784a3 |p 5464.76 |t Ej.2 | ||
| 859 | |a CEMS |b BIB. CEMS - 11 de abril |h TC |p 1120.013 |t Ej.1 | ||
